000 02171nam0a2200409 i 4500
001 RU\NLR\bibl\1939095
005 20260406013106.0
010 _a978-5-905691-25-6
_9500
021 _aRU
_b2012-57559
_94217
035 _a(NLR Aleph) 001928381
090 _a3401473
_c3401473
100 _a20120830d2012 k y0rusy50 ca
101 0 _arus
_ager
_aoss
102 _aRU
105 _ay |||||||||
200 1 _aОсетино-немецкая лексикография. Концепция для универсального двуязычного осетинско-немецкого словаря
_dUntersuchungen zur ossetisch-deutschen Lexikographie. Konzept für ein universelles zweisprachiges Wörterbuch Ossetisch-Deutsch
_fМ.А. Гусалти
_zger
210 _aВладикавказ
_cИПО СОИГСИ
_d2012
215 _a169 с.
_d21
300 _aНа обл.: Untersuchungen zur ossetisch-deutschen Lexikographie. Konzept für ein universelles zweisprachiges Wörterbuch Ossetisch-Deutsch / Madina A. Guzalti
300 _aТекст на рус., осет. и нем. яз.
320 _aБиблиогр.: с. 159-169
512 1 _6z77790
_aUntersuchungen zur ossetisch-deutschen Lexikographie. Konzept für ein universelles zweisprachiges Wörterbuch Ossetisch-Deutsch
517 0 _aКонцепция для универсального двуязычного осетинско-немецкого словаря
606 1 _aОсетинский язык
_xЛексикография
_92406208
_3RU\NLR\auth\661433988
606 1 _aНемецкий язык
_xЛексикография
_91467880
_3RU\NLR\auth\66623362
686 _aШ152.132.3-4
686 _aШ143.24-4
700 1 _4070
_8rus
_7ca
_aГусалти
_bМ. А.
_gМадина Андреевна
_3RU\NLR\auth\77118555
_9101480
790 1 _4070
_8rus
_7ba
_aGusalti
_bM. A.
_gMadina Andreevna
_3RU\NLR\auth\77118556
_9101481
801 0 _aRU
_bNLR
_c20120830
_gRCR
801 1 _aRU
_bNLR
_c20120830
830 _aавт. по кн.
852 _aNLR
_bОНЛ
_jОсет./3-2431
942 _cBOOK
980 _aNBR